|
|
|
|
| LEADER |
00812nab a2200241 i 4500 |
| 001 |
misc61344 |
| 005 |
20230531090341.0 |
| 008 |
230512s1942 hu o 0|| hun d |
| 040 |
|
|
|a SZTE Miscellanea Repozitórium
|b hun
|
| 041 |
|
|
|a hun
|
| 041 |
|
|
|a ger
|
| 100 |
1 |
|
|a Szemerényi Oszvald
|
| 245 |
1 |
2 |
|a A hetita-kérdés története és mai problémái
|h [elektronikus dokumentum] /
|c Szemerényi Oszvald
|
| 260 |
|
|
|c 1942
|
| 300 |
|
|
|a 11-26
|c 23 cm
|
| 300 |
|
|
|a [16] p.
|c 23 cm
|
| 490 |
0 |
|
|a Egyetemes philologiai közlöny
|
| 561 |
|
|
|a Németh Gyula hagyaték
|
| 591 |
|
|
|a NOV 5848
|
| 650 |
|
4 |
|a Bölcsészettudományok
|
| 650 |
|
4 |
|a Nyelvek és irodalom
|
| 695 |
|
|
|a Hettita nyelv, Feliratok - hettita, Hettita írás
|
| 856 |
4 |
0 |
|u http://misc.bibl.u-szeged.hu/61344/1/5848_nov.pdf
|z Dokumentum-elérés
|